000 00959nam a2200229Ia 4500
999 _c34720
_d34720
001 507
003 GE_BSU
005 20200203121756.0
008 181216s2009||||ge |||||||||||||| ||geo||
040 _cGE_BSU
041 _ageo
080 _a796(075.8) ყ–62
100 _aყოლბაია, მამია
_96692
245 _aსპორტის ფსიქოლოგია :
_b სახელმძღვ. სპორტის აკად. სტუდ. /
_cმამია ყოლბაია; [რედ.: შ. ნადირაშვილი].
264 _aთბილისი :
_bცის ნამი,
_c2003.
300 _a343 გვ.:
_b ცხრ. ;
_c19 სმ.
504 _aბიბლიოგრ.: გვ. 335-338.
541 _h20 ლ.
653 _aსპორტის ფსიქოლოგია
700 _aნადირაშვილი, შ.
_eრედაქტორი
_92767
942 _cBK
_2udc